000 00280nam a22001337a 4500
008 190205b xxu||||| |||| 00| 0 eng d
020 _a9781413320268
041 _aeng
080 _a331
100 _a58
101 _aBIZ
245 _aBankruptcy
_cElias,A.S
942 _2udc
_cBK
999 _c53951
_d53951